Acta regionalia et environmentalica <the> scientific journal for regional and environmental sciences

Na minha lista:
Detalhes bibliográficos
Formato: Periódico
Idioma:eslovaco
Publicado em: Nitra Slovenská poľnohospodárska univerzita v Nitre 2011
Assuntos:
Tags: Adicionar Tag
Sem tags, seja o primeiro a adicionar uma tag!

MARC

LEADER 00000nas2a2200000 4500
001 0211900
005 20160203104959.1
022 |a 1336-5452 
041 0 |a slo 
044 |a SK 
245 1 0 |a Acta regionalia et environmentalica  |b <the> scientific journal for regional and environmental sciences 
264 1 |a Nitra  |b Slovenská poľnohospodárska univerzita v Nitre  |c 2011 
773 0 |w eu_un_cat*0031489 
610 2 0 |a regionalistika 
610 2 0 |a environmentalistika 
610 2 0 |a regióny